Indigenous networks at the margins of development

Detalles Bibliográficos
Autor principal: Micarelli, Giovanna
Formato: eBook
Lenguaje:inglés
Publicado: Bogot:̀ Pontificia Universidad Javeriana, 2014
Materias:
Acceso en línea:Acceso restringido

MARC

LEADER 00000nam a22000007a 4500
005 20201215232815.0
007 cr|||| ||||
008 201215s2014 co |||||s|||| 00||0 eng d
020 |a 978-958-716-819-8 
035 |a 32379 
040 |a vLex 
090 |c 10959  |d 10959 
100 1 |a Micarelli, Giovanna 
245 1 0 |a Indigenous networks at the margins of development  |h [Recurso electrn̤ico] /  |c Giovanna Micarelli 
256 |a Servicio en ln̕ea 
260 |a Bogot:̀  |b Pontificia Universidad Javeriana,  |c 2014 
300 |a 1 recurso electrn̤ico 
500 |a This work is based on research and advocacy with the people of two multiethnic indigenous -resguardos- located at the outskirts of the Colombian towns of Leticia and Puerto Nariǫ. Through an analysis of the relationship between development institutions and indigenous people, the book examines the dynamics of social praxis in contexts where development is debated, enforced, and subverted, and it does so in a dialogue with the critical perspective of post-development, and the critiques woven by indigenous people on the basis of their experiences, world-views, and embodied perceptions of well-being. 
506 1 |a Disponible solo en los productos indicados  |d vLex Global  |d vLex Global (Academic Edition, excluding Law Schools)  |d vLex Global (U.S. Academic Edition, Law Schools)  |d vLex Global (U.S. Academic Edition, excluding Law Schools)  |d vLex Global (Academic Edition, Law Schools) 
650 0 4 |a Ciencias sociales  |z Colombia 
650 0 4 |a Sociologa̕  |z Colombia 
650 0 4 |a Ciencia polt̕ica  |z Colombia 
650 0 4 |a Filosofa̕ y religin̤  |z Colombia 
650 0 4 |a Humanidades  |z Colombia 
740 0 |a vLex Libros (Servicio en ln̕ea) 
856 4 0 |u http://vlex.com/source/indigenous-networks-at-the-margins-of-development-32379  |z Acceso restringido 
942 |c BOOK 
999 0 |a Social Sciences 
999 0 |a Sociology 
999 0 |a Political science 
999 0 |a Philosophy and religion 
999 0 |a Humanities